LEADER 01363nam a2200205 i 4500 001 000000232666 003 CaOOAMICUS 005 20231006082103.0 008 140903s1759 it u000 u lat u 026 $at.um n*e- a.er omau (C) 1759 (R) 040 $aSeMil$bita 100 1 $aEst, Willem Hessels : van,$c.$0(OLS)http://semarc/name/23982 245 10$aCommentaria in epistolas apostolicas, tomus 2. 300 $a[2] p., P. 415-923, [1] p. 500 $aSegn.: 2D-3M8 773 0 $aEst, Willem Hessels : van $tGuilielmi Estii ... In Sacram Scripturam opera omnia tribus tomis distributa, quorum duo primi in omnes B. Pauli, & septem catholicas apostolorum epistolas Commentaria continent; tertius vero in loca praecipua & difficiliora Scripturae adnotationes.. Accedunt etiam Indices concionum & controversiarum, in quibus exhibentur potiora ac selectiora argumenta theologis & Dei verbi praeconibus apprime utilia & necessaria, necnon ejusdem doctissimi viri Orationes theologicae varii argumenti ..$bEditio prima Veneta.$dVenetiis : Ex typis Nicolai Pezzana, 1759.$g2$w()30465 850 $aSeMil 852 $aSeMil$W1$xVenegono$y1$m2Y VI 12 FA$j183012$B183012$CSeMilBibl$Z2$F194017 $8I 996 $6245$aCommentaria in epistolas apostolicas, tomus 2$9(OLS)http://semarc/title/331956 LEADER 01181nam a2200265 4500 001 000000366271 003 CaOOAMICUS 005 20260206120935.0 008 260204s1995 it 000 u ita r 020 $a88-7152-381-4 040 $aSeMil$bita 100 1 $aGuitton, Jean,$d<1901-1999>.$0(OLS)http://semarc/name/848 240 10$aCelui qui croyait au ciel et celui qui n'y croyait pas.$0(OLS)http://semarc/title/458007 245 10$aQuello che credeva al cielo e quello che non ci credeva /$cJean Guitton, Jacques Lanzmann. 264 1$aMilano :$bGribaudi,$c1995. 300 $a143 p. ;$c21 cm 650 4$aFilosofia e fede.$0(OLS)http://semarc/subject/5988 700 1 $aLanzmann, Jacques,$d <1927-2006>.$0(OLS)http://semarc/name/93840 850 $aSeMil 852 $aSeMil$W1$xVenegono$y1$m2R IV 106$j267057$B257037$CSeMilBibl$Z2$F257037 $81 961 $aPrandoni Giusi - Omaggio 996 $6020$a88-7152-381-4$9(OLS)http://semarc/number/305235 996 $6245$aQuello che credeva al cielo e quello che non ci credeva$9(OLS)http://semarc/title/458010 996 $6264$aMilano :$bGribaudi$9(OLS)http://semarc/publisher/31240